Economía y derechos humanos : (Registro nro. 12178)
[ vista simple ]
| 000 -LEADER | |
|---|---|
| fixed length control field | 01761nam a2200301Ia 4500 |
| 003 - CONTROL NUMBER IDENTIFIER | |
| control field | OSt |
| 005 - DATE AND TIME OF LATEST TRANSACTION | |
| control field | 20210818155648.0 |
| 008 - FIXED-LENGTH DATA ELEMENTS--GENERAL INFORMATION | |
| fixed length control field | 210310s2010 ck gr 000 0 spa d |
| 020 ## - INTERNATIONAL STANDARD BOOK NUMBER | |
| International Standard Book Number | 9789586601580 |
| 040 ## - CATALOGING SOURCE | |
| Original cataloging agency | CO-JMCR |
| Transcribing agency | CO-JMCR |
| 041 0# - LANGUAGE CODE | |
| Language code of text/sound track or separate title | spa |
| 082 04 - DEWEY DECIMAL CLASSIFICATION NUMBER | |
| Classification number | 323.4 / |
| Item number | R277e |
| Edition number | 23 |
| 100 1# - MAIN ENTRY--PERSONAL NAME | |
| Personal name | Restrepo Domínguez, Manuel Humberto, |
| Relator term | autor |
| 9 (RLIN) | 27506 |
| 245 10 - TITLE STATEMENT | |
| Title | Economía y derechos humanos : |
| Remainder of title | del liberalismo al neoliberalismo / |
| Statement of responsibility, etc. | Manuel Humberto Restrepo Domínguez |
| 250 ## - EDITION STATEMENT | |
| Edition statement | Primera edición |
| 260 ## - PUBLICATION, DISTRIBUTION, ETC. | |
| Place of publication, distribution, etc. | Tunja, Colombia : |
| Name of publisher, distributor, etc. | Uptc, |
| Date of publication, distribution, etc. | 2010. |
| 300 ## - PHYSICAL DESCRIPTION | |
| Other physical details | 148 páginas ; |
| Dimensions | 21 cm. |
| 490 0# - SERIES STATEMENT | |
| Series statement | Colección Investigación ; |
| Volume/sequential designation | 31 |
| 504 ## - BIBLIOGRAPHY, ETC. NOTE | |
| Bibliography, etc. note | Bibliografía : páginas 39-146 |
| 505 0# - FORMATTED CONTENTS NOTE | |
| Formatted contents note | Relaciones estructurales y estructurantes entre derechos humanos y políticas públicas: del liberalismo al neoliberalismo. -- Referencias empíricas de la relación derechos humanos políticas públicas |
| 520 0# - SUMMARY, ETC. | |
| Summary, etc. | Este libro profundiza en el campo de la intersección entre los derechos y la economía de mercado, y permite adentrarse en el complejo mundo de nuevas médulas en las viejas estructuras del Estado, la sociedad y el sujeto; ahonda respecto a cómo el sujeto del capital ahora es el encargado de producir una explicación de lo que ocurre en la realidad que corresponde a sus designios, e integra fragmentos teóricos y prácticos de las fases anteriores del desarrollo capitalista, que crea al neoliberalismo como la fase superior del liberalismo, que es superado en la práctica, aunque sus bases continúen vigentes. |
| 650 14 - SUBJECT ADDED ENTRY--TOPICAL TERM | |
| Topical term or geographic name entry element | Política pública. |
| 9 (RLIN) | 27508 |
| 650 24 - SUBJECT ADDED ENTRY--TOPICAL TERM | |
| Topical term or geographic name entry element | Liberalismo |
| 9 (RLIN) | 39489 |
| 650 24 - SUBJECT ADDED ENTRY--TOPICAL TERM | |
| Topical term or geographic name entry element | Derechos civiles |
| 9 (RLIN) | 39490 |
| 650 24 - SUBJECT ADDED ENTRY--TOPICAL TERM | |
| Topical term or geographic name entry element | Estudios de casos |
| 9 (RLIN) | 39491 |
| 650 24 - SUBJECT ADDED ENTRY--TOPICAL TERM | |
| Topical term or geographic name entry element | Globalización |
| 9 (RLIN) | 39492 |
| 942 ## - ADDED ENTRY ELEMENTS (KOHA) | |
| Source of classification or shelving scheme | Dewey Decimal Classification |
| Koha item type | Books |
| Withdrawn status | Lost status | Source of classification or shelving scheme | Damaged status | Not for loan | Home library | Current library | Shelving location | Date acquired | Source of acquisition | Full call number | Barcode | Date last seen | Copy number | Price effective from | Koha item type |
|---|---|---|---|---|---|---|---|---|---|---|---|---|---|---|---|
| Dewey Decimal Classification | Biblioteca Pública José María del Castillo y Rada | Biblioteca Pública José María del Castillo y Rada | General Stacks | 04/15/2018 | Donación | 323.4 / R277e | 430001429 | 05/16/2024 | Ej.1 | 03/10/2021 | Books |